000 00631nam a2200193 i 4500
001 56015
003 ES-MaACL
005 20250902041227.0
007 t|
008 031001s1960 sp ||||1| spa d
100 1 _aDíaz Nava, Adolfo F.
_944368
245 1 3 _aEl principio de totalidad según la doctrina del Cardenal Lugo /
_cAdolfo F. Díaz Nava.
260 _aSantander :
_b[s.n.],
_c1960 (
_fBedia)
300 _a217 p. ;
_c27 cm.
500 _aPrecede al tít.: Universidad Pontificia de Comillas.
710 2 _aUniversidad Pontificia Comillas
_9173007
852 _aES-MaACL
_jC-19896
_bR.47771
999 _c56015
_d56015